Consumos y cereales (Record no. 153717)

MARC details
000 -LEADER
campo de control de longitud fija 01022nam a2200217 i 4500
001 - NÚMERO DE CONTROL
campo de control 153717
003 - IDENTIFICADOR DE NÚMERO DE CONTROL
campo de control ES-MaACL
005 - FECHA Y HORA DE LA ÚLTIMA TRANSACCIÓN
campo de control 20240510205010.0
008 - DATOS DE LONGITUD FIJA--INFORMACIÓN GENERAL
campo de control de longitud fija 050914s1882 sp | |||||||| ||spa d
040 ## - FUENTE DE CATALOGACIÓN
Centro catalogador/agencia de origen CAM
Lengua de catalogación spa
Centro/agencia transcriptor CAM
245 00 - MENCIÓN DEL TÍTULO
Título Consumos y cereales
Resto del título : ley, instrucción y tarifas de 31 de diciembre de 1881 /
Mención de responsabilidad, etc. con notas, comentarios y concordancias por Isidro Torres Muñoz y Eleuterio Delgado Martín.
250 ## - MENCION DE EDICION
Mención de edición 2ª ed.
260 ## - PUBLICACIÓN, DISTRIBUCIÓN, ETC.
Lugar de publicación, distribución, etc. Madrid :
Nombre del editor, distribuidor, etc. Revista de Hacienda,
Fecha de publicación, distribución, etc. 1882 (
Fabricante Establecimiento tipográfico de P. Nuñez)
300 ## - DESCRIPCIÓN FÍSICA
Extensión 208 p. ;
Dimensiones 16 cm.
490 1# - MENCIÓN DE SERIE
Mención de serie Biblioteca de la Revista de Hacienda. Sección de manuales
700 1# - ENTRADA AGREGADA--NOMBRE PERSONAL
Nombre de persona Delgado y Martín, Eleuterio,
Fechas asociadas al nombre 1852-1908
9 (RLIN) 43468
700 1# - ENTRADA AGREGADA--NOMBRE PERSONAL
Nombre de persona Torres Muñoz, Isidro.
9 (RLIN) 133328
830 0# - PUNTO DE ACCESO ADICIONAL DE SERIE-TÍTULO UNIFORME
Título uniforme Biblioteca de la Revista de Hacienda. Sección de manuales
9 (RLIN) 221434
852 ## - LOCALIZACIÓN
Ubicación ES-MaACL
Número de control de estantería T-412-F-7
Nota libre -- Enc. hol., falto de la cub. original
-- -- An. ms.: ded. del autor al Ateneo de Madrid
-- -- Enc. en un vol. facticio
Holdings
Estatus retirado Estado de pérdida Estado de daño No para préstamo Colección Biblioteca de origen Biblioteca actual Ubicación en estantería Fecha de adquisición Total de préstamos Signatura topográfica completa Código de barras Visto por última vez Precio de reemplazo Tipo de ítem Koha
        Colección de folletos Biblioteca del Ateneo de Madrid Biblioteca del Ateneo de Madrid Depósito folletos 17/01/2008   T-412-F-7 1160702 23/02/2023 23/02/2023 Folleto